Martin

Zobrazenie: Pohľad na ulicu a budovy od schodiska v pozadí vidieť Martinské hole

Bibliographic Details
Format: Photo
Language:Slovak
PhysicalDescription:1 pohľadnica čiernobiela 11 x 15 cm
Published: Martin Bratislava Osveta PK - HSVZ 1956
Subjects:

MARC

LEADER 00000nkm a2200000 a 4500
001 vtls001402964
003 SK-MaSNL
005 20260425225137.0
007 kf bo
008 231120s1956 xo g 0k|slo
015 |a SNBG1956 
035 |a SNK000357513 
035 |a urn:nbn:sk:snk-km45xui 
035 |a 714A2DEE-1C94-434D-A51F-D3C958C2A5C8 
035 |a urn:nbn:sk:snk-km00ehml 
040 |a SNK  |b slo  |c SNK  |e AACR2 
041 0 |a slo 
043 |a e-xo--- 
044 |a xo  |c SK 
072 7 |a 913  |x Regionálna geografia  |2 konspekt 
080 |a 913(437.6)  |2 2011 
080 |a 711.73  |2 2011 
080 |a 721  |2 2011 
080 |a (084.121)  |2 2011 
245 0 0 |a Martin  |h grafika 
260 |a Martin  |b Osveta  |a Bratislava  |b PK - HSVZ  |c 1956 
300 |a 1 pohľadnica  |b čiernobiela  |c 11 x 15 cm 
520 8 |a Zobrazenie: Pohľad na ulicu a budovy od schodiska v pozadí vidieť Martinské hole 
650 0 7 |a ulice  |2 SNKPH  |9 2938 
650 0 7 |a budovy  |2 SNKPH  |9 1283 
651 7 |a Martin (Slovensko)  |2 SNKPHgeo  |9 16875 
651 7 |a Martinské hole (Mala Fatra, Slovensko : rekreačná oblasť)  |2 SNKPHgeo  |9 104225 
655 7 |a miestne pohľadnice  |2 SNKPH  |9 70510 
852 |a Slovenská národná knižnica 
954 |a pohľadnice pôvodné (slovenské)  |2 lita 
958 |a GC 
958 |a OND 
958 |a GBN 
958 |a EUIPO 
999 |c 638921  |d 640851 
952 |t P60, <03>, [BOOK], {603}  |a SNK  |b SNK  |y PREZ  |7 0  |p 17A0262766  |o snkSP 18862  |z Pohľadnica prešla poštou.  |0 0  |1 0  |4 0  |d 2000-12-14  |f 1  |l 0  |r 2005-01-02 00:00:00  |w 2026-02-23